終疆 . 蘭都爭霸 . 4

資料類型: Book 圖書   書目號:51736

Leader xxxxxxxxxx
001 __ 102496/9/01
005 __ 20171120175620.696
010 0_ |a9789578039995|b第4冊 : 平裝|d新臺幣249元
042 __ |anbim
100 __ |a20171120d2016    k  y0chiy50      e
101 0_ |achi
102 __ |atw
105 __ |ay   z   000ay
200 1_ |a終疆|h4|i蘭都爭霸|f御我著
205 __ |a初版
210 __ |a臺北市|c平裝本出版|c皇冠發行|d2016[民105]
215 0_ |a271面|d21公分
225 12 |a御我作品集|v4
517 1_ |a蘭都爭霸|zchi
606 __ |2csh|a輕小說
681 __ |a857.7|b875 v.4
700 _0 |a御我|4801 _0 |atw|bLibDipper|c20171120|gCCR
詳細館藏(共 1 筆)
索 書 號登 錄 號冊次號館別 / 館藏地流通類型狀態加入預約清單電子資源
857.7 / 875 1024969 v.4 圖書館 / 一樓輕小說專區 可外借30天 在館   

| 條列資料




目錄查詢 分類查詢 個人資料 圖書薦購 新書查詢 閉館日 排行榜 更多電子資源 Hami書城 線上資料庫 登出

From : 216.73.217.87

  本日流通累計至 14:13:20 借閱 : 13 次 續借 : 0 次 歸還 : 10 次 預約 : 0 次 電子資源 : 0 次


內湖高中圖書館  PCLIS 版本  26.5.0.12